[Event "16th ch-EUR Indiv w 2015"]
[Site "Chakvi GEO"]
[Date "2015.05.28"]
[Round "9.21"]
[White "Zimina, Olga"]
[Black "Abdulla, Khayala"]
[Result "1/2-1/2"]
[WhiteTitle "IM"]
[BlackTitle "WIM"]
[WhiteElo "2339"]
[BlackElo "2266"]
[WhiteFideId "4132190"]
[BlackFideId "13401807"]
[EventDate "2015.05.19"]

1. Nf3 Nf6 2. c4 e6 3. g3 d5 4. Bg2 dxc4 5. Qa4+ c6 6. Qxc4 b5 7. Qb3 Bb7 8. O-O
Nbd7 9. d4 a6 10. Ne5 Nd5 11. a4 Nxe5 12. dxe5 Bc5 13. Nd2 O-O 14. Ne4 Bd4 15.
Nd6 Qc7 16. Bf4 f6 17. Bxd5 cxd5 18. exf6 Bxf6 19. Nxb5 Qd7 20. Nc7 Rab8 21.
Nxa6 Bxa6 22. Bxb8 Bxe2 23. Rfe1 Bc4 24. Qb6 d4 25. Be5 Qd5 26. Bxf6 Rxf6 27. f4
Qf3 28. Ra3 d3 29. Qf2 Qd5 30. Rc3 Rf8 31. Rec1 Ba6 32. Rc5 Qe4 33. Re1 Qxa4 34.
Rc7 Qa5 35. Ra7 Rc8 36. Qe3 Rc6 37. Ra8+ Kf7 38. Ra7+ Kg8 39. Rd1 Qd5 40. Ra8+
Kf7 41. Qa7+ Kg6 42. Rg8 Qc5+ 43. Qxc5 Rxc5 44. Ra8 Bb7 45. Ra7 Be4 46. Rd2 h5
47. Kf2 Rb5 48. Ke3 Bf5 49. Kd4 Rb8 50. Rc7 Kf6 51. Kc3 g5 52. b4 gxf4 53. gxf4
Rb6 54. Rc5 Ke7 55. Rg2 Ra6 56. b5 Ra1 57. b6 Rc1+ 58. Kb4 Rb1+ 59. Ka5 Kd6 60.
Rc8 Ra1+ 61. Kb5 Rb1+ 62. Ka5 Ra1+ 63. Kb4 Rb1+ 64. Ka5 Ra1+ 1/2-1/2

[Event "16th ch-EUR Indiv w 2015"]
[Site "Chakvi GEO"]
[Date "2015.05.28"]
[Round "9.23"]
[White "Schleining, Zoya"]
[Black "Imnadze, Nato"]
[Result "1/2-1/2"]
[WhiteTitle "WGM"]
[BlackTitle "WIM"]
[WhiteElo "2375"]
[BlackElo "2196"]
[WhiteFideId "4671660"]
[BlackFideId "13600974"]
[EventDate "2015.05.19"]

1. d4 d5 2. Bf4 Nf6 3. e3 c6 4. c4 Bf5 5. Nc3 e6 6. Qb3 Qb6 7. c5 Qxb3 8. axb3
Nbd7 9. Be2 h6 10. b4 g5 11. Bg3 Ne4 12. Nxe4 Bxe4 13. Nf3 Bg7 14. O-O Bxf3 15.
Bxf3 a6 16. Rfd1 O-O 17. Bd6 Rfd8 18. h3 Bf8 19. Bc7 Re8 20. Bh5 Nf6 21. Be2
Rac8 22. Bh2 Bg7 23. Bd3 Nd7 24. g4 e5 25. Bf5 Rcd8 26. Kf1 Nf8 27. dxe5 Bxe5
28. Bxe5 Rxe5 29. Rd2 Nh7 30. Rd4 Nf6 31. Kg2 Kg7 32. Bc2 Rde8 33. Rh1 Rh8 34.
Bd3 Nd7 35. h4 Nf6 36. hxg5 hxg5 37. Rxh8 Kxh8 38. Bf5 Kg7 39. Bc8 Re7 40. Kf1
Rc7 41. Bf5 Re7 42. Ke2 Ne8 43. Rd1 Nf6 44. f3 Re8 45. Rh1 b6 46. cxb6 Rb8 47.
Kd3 Rxb6 48. Kc3 d4+ 49. exd4 Nd5+ 50. Kc2 Rxb4 51. Rh7+ Kf8 52. Rh5 f6 53. Rh8+
Ke7 54. Rh7+ Kd8 55. Rd7+ Ke8 56. Ra7 Ne3+ 57. Kc3 Nd5+ 58. Kc2 Ne3+ 59. Kc3
Nd5+ 1/2-1/2

[Event "16th ch-EUR Indiv w 2015"]
[Site "Chakvi GEO"]
[Date "2015.05.28"]
[Round "9.24"]
[White "Mamedjarova, Zeinab"]
[Black "Osmanodja, Filiz"]
[Result "1-0"]
[WhiteTitle "WGM"]
[BlackTitle "WIM"]
[WhiteElo "2235"]
[BlackElo "2352"]
[WhiteFideId "13401521"]
[BlackFideId "24633569"]
[EventDate "2015.05.19"]

1. d4 d5 2. c4 c6 3. cxd5 cxd5 4. Nc3 Nf6 5. Bf4 Nc6 6. e3 a6 7. Bd3 Bg4 8. Nge2
e6 9. O-O Be7 10. f3 Bh5 11. Bg3 O-O 12. Nf4 Bg6 13. Bxg6 hxg6 14. Nd3 b5 15.
Qe2 Rc8 16. Kh1 Qa5 17. a4 b4 18. Nb1 b3 19. Nd2 Qb6 20. Rfc1 Na5 21. Qd1 Nd7
22. Bf2 Bg5 23. Rxc8 Rxc8 24. Rc1 Rc6 25. Nxb3 Nc4 26. f4 Be7 27. Nd2 Qb7 28. b3
Nxd2 29. Rxc6 Qxc6 30. Qxd2 Nf6 31. Qc1 Qxc1+ 32. Nxc1 Bb4 33. Nd3 Bd2 34. h3
Ne4 35. Kg1 a5 36. Kf1 Bc3 37. Be1 Kf8 38. Bxc3 Nxc3 39. Ne5 Ne4 40. Nc6 Nd2+
41. Ke2 Nxb3 42. Kd1 1-0

[Event "16th ch-EUR Indiv w 2015"]
[Site "Chakvi GEO"]
[Date "2015.05.28"]
[Round "9.25"]
[White "Fataliyeva, Ulviyya"]
[Black "Balajayeva, Khanim"]
[Result "1/2-1/2"]
[WhiteTitle "WIM"]
[BlackTitle "WCM"]
[WhiteElo "2331"]
[BlackElo "2130"]
[WhiteFideId "13403052"]
[BlackFideId "13406396"]
[EventDate "2015.05.19"]

1. e4 e5 2. Nf3 Nc6 3. Bc4 Nf6 4. d3 Bc5 5. c3 O-O 6. Nbd2 a5 7. h3 d5 8. exd5
Nxd5 9. O-O Nb6 10. Bb3 a4 11. Bc2 Bf5 12. Qe2 Re8 13. Ne4 Bf8 14. b3 h6 15. Bd2
Bh7 16. g4 Qd7 17. Kh2 f6 18. Rg1 Nd5 19. bxa4 Nf4 20. Bxf4 exf4 21. Nfd2 f5 22.
gxf5 Qxf5 23. f3 Kh8 24. Rab1 b6 25. d4 Ne7 26. c4 Qf7 27. Rb5 Nf5 28. Qf2 Rad8
29. d5 Be7 30. Nf1 Bh4 31. Qd2 Nd6 32. Nxd6 Rxd6 33. Bxh7 Kxh7 34. Qd3+ Kh8 35.
Rb2 Rd7 36. Rg6 Rde7 37. Rbg2 Re1 38. a5 bxa5 39. c5 Rxf1 40. Qxf1 Bg3+ 41.
R6xg3 fxg3+ 42. Kxg3 Qxd5 1/2-1/2

[Event "16th ch-EUR Indiv w 2015"]
[Site "Chakvi GEO"]
[Date "2015.05.28"]
[Round "9.26"]
[White "Belenkaya, Dina"]
[Black "Ovod, Evgenija"]
[Result "0-1"]
[WhiteTitle "WFM"]
[BlackTitle "IM"]
[WhiteElo "2235"]
[BlackElo "2320"]
[WhiteFideId "24142654"]
[BlackFideId "4131827"]
[EventDate "2015.05.19"]

1. e4 c5 2. Nf3 e6 3. c3 d5 4. exd5 Qxd5 5. d4 Nf6 6. Bd3 Nc6 7. O-O cxd4 8.
cxd4 Be7 9. Nc3 Qd6 10. a3 O-O 11. Be3 b6 12. Qe2 Bb7 13. Rad1 Rac8 14. Rfe1
Rfd8 15. Bb1 h6 16. Bc1 Bf8 17. Qd3 Ne7 18. Nb5 Qb8 19. Ne5 a6 20. Nc3 Nf5 21.
Be3 Bd6 22. Bf4 Nh5 23. Qd2 g5 24. Bxg5 hxg5 25. Qxg5+ Nhg7 26. g4 Bxe5 27. Rxe5
Nxd4 28. Rxd4 Rxd4 29. Be4 Rxc3 30. bxc3 Rxe4 31. Rxe4 Bxe4 32. h4 Qd6 33. Qe3
Qd1+ 34. Kh2 Qxg4 0-1

[Event "16th ch-EUR Indiv w 2015"]
[Site "Chakvi GEO"]
[Date "2015.05.28"]
[Round "9.27"]
[White "Kasoshvili, Tsiala"]
[Black "Sedina, Elena"]
[Result "0-1"]
[WhiteTitle "WIM"]
[BlackTitle "IM"]
[WhiteElo "2179"]
[BlackElo "2312"]
[WhiteFideId "13600354"]
[BlackFideId "812153"]
[EventDate "2015.05.19"]

1. d4 d5 2. Nf3 Nf6 3. g3 c6 4. Bg2 Bf5 5. b3 h6 6. Bb2 e6 7. Nbd2 Nbd7 8. O-O
Bd6 9. c4 O-O 10. a3 a5 11. h3 Qe7 12. Ne5 Rfd8 13. f4 c5 14. e3 a4 15. b4 cxb4
16. c5 Bxe5 17. fxe5 Ne4 18. Nxe4 Bxe4 19. axb4 Qg5 20. Qe1 Qg6 21. Bxe4 Qxe4
22. Rf4 Qc2 23. Qf2 Qxf2+ 24. Rxf2 b5 25. g4 f6 26. Bc3 fxe5 27. dxe5 Nb8 28.
Kg2 Nc6 29. Rd2 Rd7 30. Kg3 Kf7 31. Rf2+ Kg8 32. Rd2 Rf8 33. Rf2 Rfd8 34. Rd2
Ra7 35. Ra3 Rf8 36. Rf2 Raf7 37. Rxf7 Rxf7 38. Kg2 Kf8 39. Ra1 Ke8 40. Ra2 Kd7
41. Rd2 Kc7 42. Ra2 Rf8 43. Ra1 Ne7 44. Bd4 Kc6 45. Bb2 g5 46. Rf1 Rxf1 47. Kxf1
Kd7 48. Ke2 Nc6 49. Bc3 a3 50. Kd2 a2 51. Kc2 Nxb4+ 52. Kb3 Nd3 53. Kxa2 Nf2 54.
Kb3 Nxh3 55. Be1 Ng1 56. c6+ Kxc6 57. Bb4 Nf3 58. Bf8 Nxe5 59. Bxh6 Nf3 60. Kb4
e5 61. Bg7 d4 62. exd4 exd4 63. Bf6 Kd5 64. Kb3 Ke4 65. Kc2 d3+ 66. Kd1 Kf4 67.
Be7 Kxg4 68. Bd6 Kh3 69. Bc7 g4 70. Bd6 g3 71. Bc7 g2 72. Bb6 b4 73. Bc5 b3 74.
Kc1 d2+ 0-1

[Event "16th ch-EUR Indiv w 2015"]
[Site "Chakvi GEO"]
[Date "2015.05.28"]
[Round "9.28"]
[White "Khomeriki, Nino"]
[Black "Kazimova, Narmin"]
[Result "0-1"]
[WhiteTitle "WFM"]
[BlackTitle "WGM"]
[WhiteElo "2228"]
[BlackElo "2259"]
[WhiteFideId "13603191"]
[BlackFideId "13402951"]
[EventDate "2015.05.19"]

1. Nf3 c5 2. g3 Nc6 3. Bg2 e5 4. c4 g6 5. Nc3 Bg7 6. d3 Nge7 7. Nd2 O-O 8. Nf1
f5 9. f4 d6 10. Ne3 exf4 11. gxf4 Be6 12. O-O Bf7 13. Bd2 a6 14. b3 Rb8 15. Rc1
b5 16. Kh1 Nb4 17. a3 Nbc6 18. Be1 b4 19. axb4 Nxb4 20. Bh4 Qd7 21. Ned5 Nexd5
22. Nxd5 Nxd5 23. cxd5 Rb5 24. e4 Rfb8 25. Rb1 Qb7 26. Re1 a5 27. Qf3 fxe4 28.
dxe4 c4 29. Rbd1 cxb3 30. e5 b2 31. e6 b1=Q 32. exf7+ Qxf7 33. Bh3 Kh8 34. Be6
Qc7 35. f5 Qb3 36. Rd3 Qb4 37. Qh3 g5 38. Bg3 Qbc4 39. Rdd1 Rb1 40. f6 Rxd1 41.
fxg7+ Qxg7 42. Rxd1 Rb1 43. Rxb1 Qe4+ 44. Kg1 Qxb1+ 45. Kg2 Qe4+ 46. Kg1 Qgd4+
47. Bf2 Qd1+ 0-1

[Event "16th ch-EUR Indiv w 2015"]
[Site "Chakvi GEO"]
[Date "2015.05.28"]
[Round "9.29"]
[White "Arakhamia-Grant, Ketevan"]
[Black "Hojjatova, Aydan"]
[Result "1-0"]
[WhiteTitle "GM"]
[BlackTitle "WFM"]
[WhiteElo "2393"]
[BlackElo "2168"]
[WhiteFideId "13600168"]
[BlackFideId "13401491"]
[EventDate "2015.05.19"]

1. e4 c5 2. Nc3 Nc6 3. g3 g6 4. Bg2 Bg7 5. d3 d6 6. Be3 Nh6 7. h3 f5 8. Qd2 Nf7
9. f4 O-O 10. Nf3 Nd4 11. O-O Bd7 12. Ne1 Rb8 13. Nd1 b5 14. c3 Nc6 15. d4 cxd4
16. cxd4 fxe4 17. Bxe4 Qa5 18. Nc3 b4 19. Ne2 d5 20. Bg2 Nd6 21. Nd3 Nc4 22. Qc1
Bf5 23. Nc5 Qd8 24. g4 Bc8 25. Bf2 Qd6 26. Rd1 e6 27. b3 Nb6 28. Qe3 Bd7 29.
Rac1 Rbe8 30. Bg3 Bc8 31. Qd3 Qe7 32. Qb5 Qd6 33. Kh1 Kh8 34. Rc2 Rf7 35. f5 e5
36. dxe5 Bxe5 37. Ne4 Qe7 38. f6 Qb7 39. Bxe5 Rxe5 40. Nd6 Qd7 41. Nxf7+ Qxf7
42. Qxc6 Bd7 43. Qd6 Re6 44. Qb8+ Re8 45. Qf4 Kg8 46. Nd4 1-0

[Event "16th ch-EUR Indiv w 2015"]
[Site "Chakvi GEO"]
[Date "2015.05.28"]
[Round "9.30"]
[White "Unuk, Laura"]
[Black "Gvetadze, Sofio"]
[Result "0-1"]
[WhiteTitle "WIM"]
[BlackTitle "IM"]
[WhiteElo "2213"]
[BlackElo "2319"]
[WhiteFideId "14609215"]
[BlackFideId "13601440"]
[EventDate "2015.05.19"]

1. d4 d6 2. c4 Nf6 3. Nc3 Nbd7 4. Nf3 e5 5. g3 g6 6. Bg2 Bg7 7. O-O O-O 8. e4
Re8 9. h3 c6 10. Be3 exd4 11. Nxd4 a5 12. Qc2 Qe7 13. Rfe1 Nc5 14. Kh2 Bd7 15.
Rad1 Rad8 16. Bc1 Bc8 17. a3 Qc7 18. b4 axb4 19. axb4 Ne6 20. Nb3 b5 21. c5 dxc5
22. bxc5 Nd7 23. Na2 h5 24. Bd2 Ne5 25. Ba5 Rxd1 26. Bxc7 Rxe1 27. Ba5 Ng5 28.
Bxe1 Ngf3+ 29. Bxf3 Nxf3+ 30. Kh1 Nxe1 31. Qe2 Bf5 32. Qxe1 Rxe4 33. Qd2 Bxh3
34. Nb4 Be6 35. Na5 Re5 36. Nb7 Kh7 37. Kh2 h4 38. Nxc6 hxg3+ 39. Kxg3 Rh5 40.
Nbd8 Bd5 41. f4 Bf6 42. Nxf7 Bh4+ 43. Kg4 Be6+ 44. Kf3 Bd5+ 45. Ke3 Bf6 46. Ng5+
Rxg5 47. Ne5 Rxe5+ 48. fxe5 Bg5+ 49. Kd4 Bxd2 50. Kxd5 Kg7 51. c6 Ba5 52. Kd6 b4
53. e6 b3 54. e7 Bb4+ 55. Ke6 Bxe7 56. c7 b2 57. c8=Q b1=Q 58. Qc3+ Kg8 59. Kxe7
Qe4+ 60. Kd6 Kf7 61. Qc7+ Kf6 62. Qc3+ Kg5 63. Qg3+ Kf5 64. Qh3+ Kg5 65. Qg3+
Qg4 66. Qe5+ Kh4 67. Qh2+ Qh3 68. Qf4+ Kh5 69. Ke5 Qc3+ 70. Kd5 Qb3+ 71. Kc5 g5
72. Qh2+ Kg4 73. Qg2+ Kh4 74. Qh1+ Qh3 75. Qe1+ Qg3 76. Qh1+ Kg4 77. Qe4+ Qf4
78. Qg2+ Kf5 79. Qh3+ g4 80. Qh7+ Kg5 81. Qe7+ Qf6 82. Qxf6+ Kxf6 83. Kd4 Kg5
84. Ke3 Kh4 85. Kf2 Kh3 86. Kg1 Kg3 87. Kh1 0-1

[Event "16th ch-EUR Indiv w 2015"]
[Site "Chakvi GEO"]
[Date "2015.05.28"]
[Round "9.31"]
[White "Ibrahimova, Sabina"]
[Black "Zhorzholiani, Meri"]
[Result "1-0"]
[WhiteTitle "WIM"]
[BlackTitle "WFM"]
[WhiteElo "2272"]
[BlackElo "2071"]
[WhiteFideId "13403893"]
[BlackFideId "13604031"]
[EventDate "2015.05.19"]

1. e4 d6 2. d4 Nf6 3. Nc3 e5 4. Nf3 Nbd7 5. Bc4 Be7 6. O-O O-O 7. a4 a6 8. a5
exd4 9. Qxd4 Nb8 10. Bf4 Nc6 11. Qd2 Bg4 12. Nd4 Ne5 13. Ba2 Qc8 14. f3 Bd7 15.
Kh1 c5 16. Nde2 Rb8 17. Bg5 Be6 18. Nf4 Nc4 19. Qe2 Ne5 20. Bxf6 Bxf6 21. Nfd5
Bd8 22. f4 Nc6 23. f5 Bxd5 24. Nxd5 Ne5 25. f6 Bxf6 26. Rxf6 Qg4 27. Qxg4 Nxg4
28. Rxd6 Nf2+ 29. Kg1 Nxe4 30. Rd7 Kh8 31. Nf4 g5 32. Nh5 f5 33. Rad1 b5 34. Bd5
Nf6 35. Nxf6 Rxf6 36. Re1 Ra8 1-0

[Event "16th ch-EUR Indiv w 2015"]
[Site "Chakvi GEO"]
[Date "2015.05.28"]
[Round "9.32"]
[White "Gaboyan, Susanna"]
[Black "Kursova, Maria"]
[Result "1/2-1/2"]
[BlackTitle "WGM"]
[WhiteElo "2153"]
[BlackElo "2267"]
[WhiteFideId "13303627"]
[BlackFideId "4129709"]
[EventDate "2015.05.19"]

1. e4 c5 2. f4 Nc6 3. Nf3 e6 4. Nc3 a6 5. g3 d5 6. exd5 exd5 7. d3 Nf6 8. Bg2
Be7 9. O-O d4 10. Ne4 Nd5 11. Ne5 Nxe5 12. fxe5 O-O 13. Qh5 Be6 14. Ng5 Bxg5 15.
Bxg5 Qc7 16. Rae1 Ne7 17. Qh4 Rfe8 18. Qf4 Ng6 19. Qe4 h6 20. Bf4 Re7 21. h4 Rd8
22. h5 Nf8 23. Qe2 Qd7 24. Bf3 Bd5 25. b3 Rde8 26. Bxd5 Qxd5 27. Qg4 Re6 28. Re4
Nd7 29. a4 R8e7 30. Qf5 Nxe5 31. g4 g6 32. hxg6 fxg6 33. Rxe5 Qxe5 34. Qxe5 Rxe5
35. Bxe5 Rxe5 36. Rf6 Kg7 37. Rb6 Re7 38. Kf2 Rf7+ 39. Kg3 Kh7 40. Kg2 Rg7 41.
Kg3 Re7 42. Kf4 Kg7 43. b4 cxb4 44. Rxb4 Rc7 1/2-1/2

[Event "16th ch-EUR Indiv w 2015"]
[Site "Chakvi GEO"]
[Date "2015.05.28"]
[Round "9.33"]
[White "Sviridova, Vlada"]
[Black "Vojinovic, Jovana"]
[Result "0-1"]
[WhiteTitle "WFM"]
[BlackTitle "WGM"]
[WhiteElo "2087"]
[BlackElo "2262"]
[WhiteFideId "24109606"]
[BlackFideId "937266"]
[EventDate "2015.05.19"]

1. d4 e6 2. c4 f5 3. g3 Nf6 4. Bg2 Be7 5. Nf3 d5 6. O-O Ne4 7. b3 Nc6 8. Bb2 h5
9. Nc3 h4 10. Ne5 hxg3 11. hxg3 Nxe5 12. dxe5 Nxg3 13. Re1 Ne4 14. cxd5 Bb4 15.
Qd3 Bxc3 16. Bxc3 exd5 17. Red1 c6 18. Bxe4 fxe4 19. Qg3 Be6 20. Bd4 Qe7 21. Be3
Rh5 22. f3 O-O-O 23. Kf2 exf3 24. exf3 Rh3 25. Qg5 Qf7 26. f4 Rh5 27. Qg3 g5 28.
Ke2 gxf4 29. Bxf4 Rg8 30. Qf2 Bg4+ 0-1

[Event "16th ch-EUR Indiv w 2015"]
[Site "Chakvi GEO"]
[Date "2015.05.28"]
[Round "9.34"]
[White "Vakhania, Alexandra"]
[Black "Kiolbasa, Oliwia"]
[Result "1-0"]
[BlackTitle "WFM"]
[WhiteElo "2130"]
[BlackElo "2223"]
[WhiteFideId "13602560"]
[BlackFideId "1154613"]
[EventDate "2015.05.19"]

1. Nf3 c5 2. c3 Nc6 3. d4 d5 4. e3 Nf6 5. a3 e6 6. b4 cxb4 7. cxb4 Bd6 8. Bb2
O-O 9. Nbd2 b6 10. Bd3 Bb7 11. O-O Rc8 12. Ne5 Bb8 13. f4 Nxe5 14. dxe5 Ne4 15.
Nf3 Re8 16. Nd4 f6 17. Qh5 f5 18. g4 g6 19. Qh3 Kh8 20. gxf5 gxf5 21. Kh1 Qe7
22. Bxe4 fxe4 23. Nxe6 Qxe6 24. f5 Qxe5 25. Bxe5+ Bxe5 26. Rac1 d4 27. Rxc8 Bxc8
28. Qh5 Rf8 29. f6 Bd6 30. Qd5 1-0

[Event "16th ch-EUR Indiv w 2015"]
[Site "Chakvi GEO"]
[Date "2015.05.28"]
[Round "9.35"]
[White "Isgandarova, Khayala"]
[Black "Gavasheli, Ana"]
[Result "1-0"]
[WhiteTitle "WIM"]
[BlackTitle "WIM"]
[WhiteElo "2243"]
[BlackElo "2122"]
[WhiteFideId "13401823"]
[BlackFideId "13602586"]
[EventDate "2015.05.19"]

1. e4 g6 2. d4 Bg7 3. Nc3 d6 4. f4 e6 5. Nf3 Ne7 6. Bd3 O-O 7. O-O c5 8. dxc5
dxc5 9. e5 b6 10. Qe2 Bb7 11. Rd1 Nd5 12. Ne4 Qe7 13. a3 Bc6 14. c4 Nc7 15. b4
Ba4 16. Re1 Nd7 17. Bb2 f5 18. exf6 Nxf6 19. Ne5 Nd7 20. Qg4 cxb4 21. axb4 Nxe5
22. fxe5 Bc6 23. Nf6+ Rxf6 24. exf6 Bxf6 25. Bxf6 Qxf6 26. Rf1 Qb2 27. Rab1 Qg7
28. Rf2 Rd8 29. Rbf1 Rd7 30. Be4 Bxe4 31. Qxe4 Qc3 32. Qb7 Kg7 33. Qc8 1-0

[Event "16th ch-EUR Indiv w 2015"]
[Site "Chakvi GEO"]
[Date "2015.05.29"]
[Round "10.1"]
[White "Batsiashvili, Nino"]
[Black "Zhukova, Natalia"]
[Result "0-1"]
[WhiteTitle "IM"]
[BlackTitle "GM"]
[WhiteElo "2473"]
[BlackElo "2456"]
[WhiteFideId "13602993"]
[BlackFideId "14101513"]
[EventDate "2015.05.19"]

1. d4 Nf6 2. c4 c5 3. d5 b5 4. cxb5 a6 5. bxa6 g6 6. Nc3 Bxa6 7. Nf3 d6 8. g3
Nbd7 9. Bg2 Nb6 10. Rb1 Bc4 11. b3 Bxd5 12. Nxd5 Nbxd5 13. Bb2 Rxa2 14. O-O Bg7
15. e4 Nb4 16. Re1 O-O 17. e5 Ng4 18. h3 Nxe5 19. Nxe5 dxe5 20. Bxe5 Nd3 21.
Bxg7 Kxg7 22. Re2 Nc1 23. Qxc1 Rxe2 24. Qxc5 Qd3 25. Qc1 Qf5 26. Qc3+ e5 27. Rf1
Rc8 28. Qa5 Rcc2 29. Qb6 e4 30. b4 Qf6 31. Qxf6+ Kxf6 32. Ra1 Ke5 33. Ra5+ Kd4
34. b5 Re1+ 35. Kh2 Rxf2 36. b6 Ree2 37. Ra4+ Kc5 38. b7 Rxg2+ 39. Kh1 Rh2+ 40.
Kg1 Reg2+ 41. Kf1 Rb2 0-1

[Event "16th ch-EUR Indiv w 2015"]
[Site "Chakvi GEO"]
[Date "2015.05.29"]
[Round "10.2"]
[White "Girya, Olga"]
[Black "Guseva, Marina"]
[Result "1/2-1/2"]
[WhiteTitle "WGM"]
[BlackTitle "IM"]
[WhiteElo "2479"]
[BlackElo "2391"]
[WhiteFideId "4195752"]
[BlackFideId "4149351"]
[EventDate "2015.05.19"]

1. d4 d5 2. c4 c6 3. Nf3 Nf6 4. Nc3 e6 5. Bg5 Nbd7 6. e3 Qa5 7. cxd5 Nxd5 8. Qd2
Bb4 9. Rc1 h6 10. Bh4 b6 11. a3 Bxc3 12. bxc3 c5 13. c4 Qxd2+ 14. Nxd2 Ne7 15.
f3 Ba6 16. Bd3 cxd4 17. exd4 e5 18. O-O exd4 19. Rfe1 f6 20. Bf2 Nc5 21. Bc2 Rd8
22. Nb3 Kf7 23. Nxd4 Bxc4 24. Nf5 Nxf5 25. Bxf5 Bd3 26. Bxc5 Bxf5 27. Re7+ Kg6
28. Bb4 a5 29. Be1 Rc8 30. Rxc8 Rxc8 31. h4 Rc1 32. Kh2 Rc2 33. Kg3 Bd3 34. Bf2
b5 35. Ra7 a4 36. h5+ Kh7 37. Bd4 Bf1 38. Bxf6 Rxg2+ 39. Kf4 Bc4 40. Bd4 Kh8 41.
Ra6 Kh7 42. Ra7 Bd5 43. Rc7 Kg8 44. Rc8+ Kh7 45. Rc7 Kg8 1/2-1/2

[Event "16th ch-EUR Indiv w 2015"]
[Site "Chakvi GEO"]
[Date "2015.05.29"]
[Round "10.3"]
[White "Danielian, Elina"]
[Black "Melia, Salome"]
[Result "1-0"]
[WhiteTitle "GM"]
[BlackTitle "IM"]
[WhiteElo "2458"]
[BlackElo "2452"]
[WhiteFideId "13300210"]
[BlackFideId "13602446"]
[EventDate "2015.05.19"]

1. d4 Nf6 2. c4 e6 3. Nc3 Bb4 4. e3 O-O 5. Bd3 d5 6. Nf3 c5 7. O-O cxd4 8. exd4
dxc4 9. Bxc4 a6 10. a4 Nc6 11. Bg5 h6 12. Bh4 Be7 13. Re1 Bd7 14. Qe2 Rc8 15.
Rad1 Nd5 16. Bxd5 Bxh4 17. Be4 Re8 18. Bb1 Bf6 19. Qe4 g6 20. Ne5 Qe7 21. h4 Bg7
22. Nxg6 fxg6 23. Qxg6 Qf6 24. Qh7+ Kf8 25. Re3 Nxd4 26. Rxd4 Qxd4 27. Rd3 Qf6
28. Rf3 Qxf3 29. gxf3 Re7 30. Qe4 Bc6 31. Qf4+ Kg8 32. Be4 Bxc3 33. bxc3 Bxa4
34. Qxh6 Rxc3 35. h5 Be8 36. Qf6 Rcc7 37. h6 Bc6 38. h7+ Rxh7 39. Qd8+ Be8 40.
Qxe8+ Kg7 41. Bxh7 Kxh7 42. Qxe6 Rg7+ 43. Kf1 Rg6 44. Qh3+ Kg7 45. Qd7+ Kf6 46.
Qxb7 Kg5 47. Qe4 Rf6 48. Qe5+ Kg6 49. f4 1-0

[Event "16th ch-EUR Indiv w 2015"]
[Site "Chakvi GEO"]
[Date "2015.05.29"]
[Round "10.4"]
[White "Goryachkina, Aleksandra"]
[Black "Mkrtchian, Lilit"]
[Result "1-0"]
[WhiteTitle "WGM"]
[BlackTitle "IM"]
[WhiteElo "2474"]
[BlackElo "2459"]
[WhiteFideId "4147103"]
[BlackFideId "13300601"]
[EventDate "2015.05.19"]

1. d4 Nf6 2. c4 e6 3. g3 d5 4. Bg2 Bb4+ 5. Nd2 O-O 6. Nf3 b6 7. O-O Bb7 8. a3
Be7 9. cxd5 exd5 10. Ne5 Re8 11. Ndf3 Bd6 12. Nd3 a5 13. Bf4 c5 14. dxc5 bxc5
15. Bxd6 Qxd6 16. b4 axb4 17. axb4 Rxa1 18. Qxa1 cxb4 19. Nd4 Nc6 20. Nf5 Qd8
21. Nf4 Bc8 22. Ne3 Be6 23. Qa4 Qa8 24. Qxa8 Rxa8 25. Nexd5 Nxd5 26. Nxd5 Rb8
27. Nf4 Bd7 28. Rd1 Ne5 29. Nd5 Kf8 30. f4 Nc4 31. Rd4 b3 32. Rxc4 b2 33. Nc3
b1=Q+ 34. Nxb1 Rxb1+ 35. Kf2 Be6 36. Rc7 h5 37. Be4 Rb4 38. Ke3 g6 39. Rc5 Kg7
40. Bd3 Rb3 41. Kd4 Rb2 42. Kc3 Rb3+ 43. Kc2 Ra3 44. Kd2 Ra1 45. Be4 Kf6 46. Rc3
Ra2+ 47. Ke3 Rb2 48. Bf3 Rb4 49. Rd3 Kg7 50. Rd4 Rb2 51. Rd2 Rxd2 52. Kxd2 f5
53. Kd3 Kf6 54. Kd4 Bb3 55. e3 Be6 56. Bc6 Bb3 57. Be8 Be6 58. Kd3 Bd5 59. Kd4
Be6 60. Bc6 Bb3 61. Kd3 Be6 62. Ke2 Bc4+ 63. Kf2 Be6 64. Kg2 Bc8 65. Bf3 Bd7 66.
Kh3 Kg7 67. Kh4 Kh6 68. h3 Be6 69. Bg2 Bd7 70. Bh1 Be6 71. Bc6 Bc8 72. Bd5 Bd7
73. Bb7 Be6 74. Ba8 Bd7 75. Bf3 Be6 76. g4 hxg4 77. hxg4 Bd7 78. Bg2 fxg4 79. e4
Bc8 80. Bf1 Bb7 81. Bd3 Bc8 82. Be2 g3 83. Bf3 Bd7 84. Bg2 Bc8 85. e5 Be6 86.
Bh3 Bd5 87. Kxg3 Kg7 88. Kh4 Kf7 89. Kg5 Be4 90. Kh6 Bd3 91. Bg4 Be4 92. Kg5 Bd3
93. Bd1 Be4 94. Bb3+ Kg7 95. Bc4 Bc6 96. Bd3 Be8 97. e6 1-0

[Event "16th ch-EUR Indiv w 2015"]
[Site "Chakvi GEO"]
[Date "2015.05.29"]
[Round "10.5"]
[White "Paehtz, Elisabeth"]
[Black "Bodnaruk, Anastasia"]
[Result "1/2-1/2"]
[WhiteTitle "IM"]
[BlackTitle "IM"]
[WhiteElo "2473"]
[BlackElo "2402"]
[WhiteFideId "4641833"]
[BlackFideId "4181751"]
[EventDate "2015.05.19"]

1. d4 Nf6 2. g3 d5 3. Nf3 b5 4. a4 b4 5. Bg2 e6 6. c4 bxc3 7. bxc3 c5 8. O-O Bb7
9. Na3 Ne4 10. c4 cxd4 11. Nxd4 Bc5 12. Bxe4 dxe4 13. Nb3 Bb4 14. Qxd8+ Kxd8 15.
Bd2 Bxd2 16. Rfd1 Ke7 17. Rxd2 Bc6 18. Nb5 a6 19. N5d4 Rc8 20. Na5 Bd7 21. Rb2
Nc6 22. Ndxc6+ Bxc6 23. Nxc6+ Rxc6 24. Rb7+ Kf6 25. Rc1 Rac8 26. Ra7 Rxc4 27.
Rxc4 Rxc4 28. Rxa6 Rc1+ 29. Kg2 Re1 30. e3 Ra1 31. Ra7 h5 32. h4 Kg6 33. Ra5 Kh6
34. Ra7 Kg6 35. Ra5 Kh6 36. Ra7 Kg6 37. Ra5 e5 1/2-1/2

[Event "16th ch-EUR Indiv w 2015"]
[Site "Chakvi GEO"]
[Date "2015.05.29"]
[Round "10.6"]
[White "Sandu, Mihaela"]
[Black "Socko, Monika"]
[Result "0-1"]
[WhiteTitle "WGM"]
[BlackTitle "GM"]
[WhiteElo "2300"]
[BlackElo "2467"]
[WhiteFideId "1204327"]
[BlackFideId "1106619"]
[EventDate "2015.05.19"]

1. e4 e5 2. Nf3 Nc6 3. Bc4 Bc5 4. d3 Nf6 5. Bb3 O-O 6. O-O d5 7. exd5 Nxd5 8.
Nbd2 Bg4 9. h3 Bh5 10. Ne4 Be7 11. Ng3 Bg6 12. Re1 Bf6 13. Ba4 Re8 14. Bxc6 bxc6
15. Ne4 Rb8 16. Nxf6+ Qxf6 17. Bg5 Qf5 18. Qc1 Bh5 19. Nh2 h6 20. Bd2 Nf4 21.
Bxf4 exf4 22. b3 Re5 23. Qd2 Rbe8 24. Rxe5 Qxe5 25. Rc1 Re6 26. f3 Qd4+ 27. Kh1
c5 28. a4 Qe5 29. Nf1 Bg6 30. Rd1 Qd4 31. Kh2 Qb2 32. Kh1 c4 33. bxc4 Ra6 34.
Rc1 Rxa4 35. Qxf4 Ra2 36. Qd2 a5 37. Ne3 Bxd3 38. Nd1 Qa3 39. Nc3 Ra1 40. Rxa1
Qxa1+ 41. Kh2 Bxc4 42. f4 Qa3 43. Ne4 Qe7 44. Ng3 a4 45. Qd4 Bb5 46. Nf5 Qf6 47.
Qd5 Be8 48. g4 Kh7 49. Qc5 Bd7 50. Qxc7 Bxf5 51. gxf5 Qxf5 52. Qc4 a3 53. Kg3
Qe6 54. Qa4 a2 0-1